000 00361nam a22001337a 4500
008 230626b xxu||||| |||| 00| 0 eng d
082 _a332.9
_bJDS
100 _cHelio Jaguaribe
245 _aThe Journal of Development Studies
_bVolume 40
_cNumber 1
260 _aEngland
_bFrank CASS & Co.
_c2002
300 _a195p
440 _n1
_v40
_x0022038
942 _2ddc
_cBK
999 _c2661
_d2661